000 00800nam a22002177a 4500
005 2012050108188.0
008 120501t xxu||||| |||| 00| 0 eng d
010 _aENG-105158
020 _a9789381815304
_c500.00
035 _aEN-88691
037 _bDBAD/PUB
040 _aDPL
_bEng
082 _a616.89
100 _946103
245 _aPsychiatry essence /
_cwritten and edited by faculty of Dr. Bhatia Medical Institute
260 _aDelhi
_bDr. Bhatia Publishing House
_c2012
270 _aFlat No. 7, Sector-13, Unique Apartment, Rohini
_bDelhi
_e110085
300 _a210p.
_c27cm(pbk)
942 _2ddc
_cEN
_mPSY
_h616.89
999 _c65902
_d65902